000
00277nam a22001217a 4500
041
_a
ENG
100
_a
Farrall.A.W
245
_a
Engineering for Dairy and Food Products
260
_a
New York
_b
John Wiley and Sons
_c
1963
300
_a
674
650
_a
APE
856
_u
APE ( 3 )
999
_c
2512
_d
2512